000 00572nam a2200157Ia 4500
005 20250329113658.0
008 231217s9999 xx 000 0 und d
020 _a9788131412251
082 _a658.04094 GUP;1 R
100 _aGupta, Vipin. Lerenbury, Nancy. Moore, Lynoc, L ed.
245 0 _aCulturally sensitive models of family business in germanic Europe : a compendium using the globe paradigm
260 _c2008
_bIcfai
_aHyderabad
300 _axvi, 264
650 _aCulturally,sensitive,business,germanic,Europe,compendium,using,globe,paradigm
942 _cAA
999 _c189016
_d189016